LEADER 01657nam a2200349 u 4500 001 000000119959 003 CaOOAMICUS 005 20120203133925.0 008 100212m20092011it fb u000 u ita r 020 $a978-88-04-58352-3 020 $a978-88-04-60426-6 (v. 2) 040 $aPUL$bita 041 0 $aita$hgrc$agrc$alat 245 03$aLa rivelazione segreta di Ermete Trismegisto /$ca cura di Paolo Scarpi. 260 $aRoma :$bFondazione Lorenzo Valla ;$aMilano :$bMondadori,$c2009-2011. 300 $a2 v. ;$c21 cm. 490 1 $aScrittori greci e latini 504 $aInclude riferimenti bibliografici ed indice. 546 $aTraduzione in italiano con testo greco e latino a fronte. 600 04$aHermes, Trismegistus.$0(OLS)http://pul/subject/237 700 1 $aScarpi, Paolo.$0(OLS)http://pul/name/35228 830 0$aScrittori greci e latini.$0(OLS)http://pul/title/10625 850 $aPUL 852 $aPUL$W1$xDP1 Cons. Gen., Altre Classi 1$y22$m705 M 101.1$j137613$qStampati$B136713$CPULBib$Z2$F136713 $H112802 $82 852 $aPUL$W1$xDP1 Cons. Gen., Altre Classi 1$y22$m705 M 101.2$j147507$av. 2$qStampati$B146139$CPULBib$Z2$F146139 $H119083 $82 941 1 $a8 996 $6020$a978-88-04-58352-3$9(OLS)http://pul/number/143255 996 $6020$a978-88-04-60426-6 (v. 2)$9(OLS)http://pul/number/148834 996 $6245$aLa rivelazione segreta di Ermete Trismegisto$9(OLS)http://pul/title/150920 996 $6260$aRoma :$bFondazione Lorenzo Valla$9(OLS)http://pul/publisher/51617 996 $6260$aMilano :$bMondadori$9(OLS)http://pul/publisher/50297 LEADER 01079nam a2200277 a 4500 001 000000153839 003 CaOOAMICUS 005 20160913170446.0 008 160913s1951 it u000 u ita r 032 $aLibriCat 040 $aPUL$bita 041 1 $aita$hfre 100 1 $aAncel, Alfred,$cvesc. coad. di Lione.$0(OLS)http://pul/name/57641 240 04$aLes ouvriers et la Religion.$lItaliano.$0(OLS)http://pul/title/193386 245 13$aLa Chiesa e gli operai /$cAlfred Ancel. 260 $aPinerolo :$bAlzani,$cİ1951. 300 $a155 p. ;$c18 cm. 490 1 $aIl nostro tempo (Alzani) 650 4$aChiesa e questioni sociali.$0(OLS)http://pul/subject/1339 830 3$aIl nostro tempo (Alzani).$0(OLS)http://pul/title/193382 850 $aPUL 852 $aPUL$W1$xDP1 Fondo G. Barberini$y122$m4 C 15$j115126$qFondi$B179806$CPULBib$Z2$F179806 $HBar1802 $81 941 1 $a1 996 $6245$aLa Chiesa e gli operai$9(OLS)http://pul/title/193383 996 $6260$aPinerolo :$bAlzani$9(OLS)http://pul/publisher/66783